[Event "BRA-ch Amateur"]
[Site "Goiania"]
[Date "2012.02.18"]
[Round "2"]
[White "Bernardes, Rafael Esteves"]
[Black "De Paula, Rafael Figueiredo"]
[Result "1-0"]
[WhiteElo "1870"]
[BlackElo "2047"]
[PlyCount "99"]
[EventDate "2012.02.18"]
[EventType "swiss"]
[EventRounds "7"]
[EventCountry "BRA"]
[SourceTitle "CBM 147 Extra"]
[Source "ChessBase"]
[SourceDate "2012.04.24"]
[SourceVersion "1"]
[SourceVersionDate "2012.04.24"]
[SourceQuality "1"]

1. d4 Nf6 2. c4 g6 3. Nc3 d5 4. cxd5 Nxd5 5. e4 Nxc3 6. bxc3 Bg7 7. Bc4 c5 8. Ne2 0-0 9. 0-0 Nc6 10. Be3 Bg4 11. f3 Na5 12. Bd3 cxd4 13. cxd4 Be6 14. d5 Bxa1 15. Qxa1 f6 16. Bh6 Re8 17. Qd4 Bf7 18. Bb5 e5 19. Qe3 Re7 20. Kh1 Qb6 21. Qxb6 axb6 22. d6 Re6 23. d7 Rd6 24. f4 Bc4 25. fxe5 fxe5 26. Rc1 Bxb5 27. Rc8+ Kf7 28. Rxa8 Rxd7 29. Ng1 Bd3 30. Nf3 Ke6 31. Re8+ Re7 32. Rd8 Bc4 33. Ng5+ Kf6 34. Rf8+ Bf7 35. Nxh7+ Ke6 36. Rd8 Re8 37. Nf8+ Ke7 38. Rd7+ Kf6 39. h4 Rxf8 40. Bxf8 Bxa2 41. g4 Bb1 42. g5+ Ke6 43. Re7+ Kd6 44. Rg7+ Ke6 45. Rxg6+ Kf7 46. Rf6+ Kg8 47. h5 Bxe4+ 48. Kh2 Nc6 49. g6 Nd8 50. Bh6 1-0

[Event "BRA-ch Amateur"]
[Site "Goiania"]
[Date "2012.02.18"]
[Round "1"]
[White "Brito, Paulo Roberto Ferr"]
[Black "Bernardes, Rafael Esteves"]
[Result "0-1"]
[WhiteElo "1771"]
[BlackElo "1870"]
[PlyCount "57"]
[EventDate "2012.02.18"]
[EventType "swiss"]
[EventRounds "7"]
[EventCountry "BRA"]
[SourceTitle "CBM 147 Extra"]
[Source "ChessBase"]
[SourceDate "2012.04.24"]
[SourceVersion "1"]
[SourceVersionDate "2012.04.24"]
[SourceQuality "1"]

1. d4 Nf6 2. e3 g6 3. Bd3 d5 4. f4 Bg7 5. Nd2 c5 6. c3 Bf5 7. Bb5+ Nbd7 8. Qa4 0-0 9. Ngf3 a6 10. Be2 b5 11. Qd1 c4 12. Ne5 Ne4 13. 0-0 f6 14. Ng4 e5 15. Nf2 Nxf2 16. Rxf2 Qb6 17. g4 Be6 18. f5 Bf7 19. h4 g5 20. hxg5 fxg5 21. Nf1 e4 22. Ng3 Nf6 23. Rh2 h5 24. Kg2 b4 25. Qh1 a5 26. Bd2 a4 27. Qc1 b3 28. Nxh5 Bxh5 29. gxh5 0-1